[Event "18.int.Seniorenturnier Bad Woerishofen"]
[Site "Veranstalter: chessorg"]
[Date "2003.03.07"]
[Round "1"]
[White "Schmid, Hermann_39Peit"]
[Black "Pukropski, Walter"]
[Result "1-0"]
[WhiteElo "2093"]
[BlackElo "1731"]
[PlyCount "128"]
[EventDate "2002.03.??"]

1. d4 Nf6 2. Nf3 d6 3. Bf4 Bg4 4. e3 e6 5. c4 Be7 6. Nc3 O-O 7. h3 Bf5 8. Bd3
Bxd3 9. Qxd3 Nc6 10. O-O Nb4 11. Qe2 d5 12. a3 Nc6 13. Rac1 Rc8 14. Rfd1 Bd6
15. Ne5 Nb8 16. cxd5 exd5 17. Nb5 c6 18. Nxd6 Qxd6 19. Ng6 Qe6 20. Nxf8 Rxf8
21. Bxb8 Rxb8 22. b4 Ne4 23. Rc2 Nd6 24. Rdc1 Nc4 25. Rxc4 dxc4 26. Qxc4 Qd7
27. e4 g6 28. d5 cxd5 29. exd5 Rd8 30. Rd1 Rc8 31. Qd4 b6 32. d6 Rd8 33. Qd5
Kg7 34. b5 Rc8 35. a4 Kg8 36. Rd3 Rc5 37. Qe4 Rc8 38. Qe7 Rd8 39. h4 Kg7 40.
Qe5+ f6 41. Qe7+ Qxe7 42. dxe7 Re8 43. Rd7 Kf7 44. Rxa7 Rxe7 45. Ra8 Rb7 46. g3
f5 47. Kg2 Ke6 48. Kf3 Kd5 49. Rc8 Ra7 50. Rc6 Rxa4 51. Rxb6 Ke5 52. Rb8 Ra3+
53. Kg2 Kf6 54. Rb7 Rb3 55. b6 g5 56. Rxh7 gxh4 57. gxh4 Kg6 58. Rb7 Kh5 59.
Rb8 Kg4 60. b7 Kf4 61. h5 Rb6 62. h6 Rg6+ 63. Kf1 Kf3 64. Re8 f4 1-0

[Event "18.int.Seniorenturnier Bad Woerishofen"]
[Site "Veranstalter: chessorg"]
[Date "2003.03.07"]
[Round "1"]
[White "Winkler, Hans"]
[Black "Xander, Karl_Dr"]
[Result "0-1"]
[WhiteElo "1668"]
[BlackElo "1969"]
[PlyCount "52"]
[EventDate "2002.03.??"]

1. c4 e5 2. Nc3 Nc6 3. Nf3 Nf6 4. g3 Bc5 5. Bg2 O-O 6. O-O Re8 7. e3 a6 8. a3
Rb8 9. b4 Ba7 10. Bb2 d6 11. d3 Bg4 12. Qc2 Qd7 13. Ng5 h6 14. Nge4 Nh5 15.
Rfe1 f5 16. Nd2 f4 17. exf4 exf4 18. Nce4 Nd4 19. Bxd4 Bxd4 20. Rab1 Rf8 21.
Nf3 Ba7 22. Qd2 fxg3 23. hxg3 Bxf3 24. Bxf3 Rxf3 25. Qe2 Rbf8 26. Rf1 Nxg3 0-1

[Event "18.int.Seniorenturnier Bad Woerishofen"]
[Site "Veranstalter: chessorg"]
[Date "2003.03.07"]
[Round "1"]
[White "Zacharias, Helmut"]
[Black "Richter, Gerhard_Dr_28Marb"]
[Result "0-1"]
[WhiteElo "1435"]
[BlackElo "1840"]
[PlyCount "61"]
[EventDate "2002.03.??"]

1. d4 d6 2. g3 f5 3. Bg2 Nf6 4. f3 g6 5. Nd2 Nc6 6. c3 e5 7. e3 Bg7 8. Ne2 O-O
9. O-O Be6 10. e4 d5 11. dxe5 Nxe5 12. Nd4 Bc8 13. exf5 gxf5 14. Qc2 Ne8 15.
Re1 c5 16. f4 cxd4 17. fxe5 dxc3 18. bxc3 Be6 19. Nf3 Rc8 20. Be3 Qa5 21. Bd4
Bh6 22. Bh3 Ng7 23. Nh4 Bg5 24. Nf3 Bh6 25. Rf1 f4 26. g4 Ne8 27. Qg2 Nc7 28.
Nh4 Nb5 29. Nf5 Bg5 30. Nd6 Nxd4 31. Nxc8 0-1

[Event "18.int.Seniorenturnier Bad Woerishofen"]
[Site "Veranstalter: chessorg"]
[Date "2003.03.07"]
[Round "1"]
[White "Ziltener, Werner"]
[Black "Dunkel, Horst_38Memm"]
[Result "1-0"]
[WhiteElo "1962"]
[BlackElo "1580"]
[PlyCount "80"]
[EventDate "2002.03.??"]

1. Nf3 d5 2. d4 Nf6 3. e3 e6 4. Bd3 c5 5. b3 Nc6 6. O-O Bd7 7. Ne5 cxd4 8. Nxc6
Bxc6 9. exd4 Be7 10. Bf4 O-O 11. Nd2 Qb6 12. Nf3 Rac8 13. Ne5 Be8 14. c4 dxc4
15. bxc4 Qd8 16. Be3 b6 17. Qf3 h6 18. Qh3 Nh7 19. f4 f5 20. g4 Bd7 21. gxf5
exf5 22. Rae1 Rf6 23. Bf2 Nf8 24. Bh4 Re6 25. Bxe7 Rxe7 26. d5 Rc5 27. Bxf5 Be8
28. Bd3 Qd6 29. Qf5 b5 30. Rc1 b4 31. Kh1 a5 32. Bb1 g6 33. Rg1 Rg7 34. Qd3 h5
35. Qd4 Qa6 36. Nd3 Rc8 37. c5 Qa7 38. Ne5 Qa8 39. Rg3 Ne6 40. Qd1 Nxf4 1-0

[Event "18.int.Seniorenturnier Bad Woerishofen"]
[Site "Veranstalter: chessorg"]
[Date "2002.03.08"]
[Round "2"]
[White "Alefs, Heinz"]
[Black "Schneider, Miloca"]
[Result "0-1"]
[WhiteElo "1667"]
[BlackElo "1782"]
[PlyCount "74"]
[EventDate "2002.03.??"]

1. d4 d6 2. c4 f5 3. Nf3 g6 4. Nc3 c6 5. e3 Nf6 6. Bd3 Bg7 7. Qc2 O-O 8. O-O
Na6 9. a3 Nc7 10. b4 Bd7 11. Bb2 b5 12. Rac1 h6 13. Qe2 a6 14. Nh4 Qe8 15. f4
e6 16. h3 d5 17. c5 Ne4 18. Bxe4 dxe4 19. g4 g5 20. fxg5 hxg5 21. Ng2 Bf6 22.
gxf5 exf5 23. Nd1 Qg6 24. Nf2 Nd5 25. Nh1 Rf7 26. Rf2 Rg7 27. h4 gxh4 28. Kf1
Kf7 29. Ke1 h3 30. Nf4 Nxf4 31. Rxf4 Be6 32. Kd2 Rag8 33. Kc3 Qg2 34. Rf2 Qg4
35. Qd2 Bh4 36. Rf4 Qg2 37. Nf2 Ke8 0-1

[Event "18.int.Seniorenturnier Bad Woerishofen"]
[Site "Veranstalter: chessorg"]
[Date "2002.03.08"]
[Round "2"]
[White "Alicke, Manfred"]
[Black "Ganslmayer, Herbert"]
[Result "1/2-1/2"]
[WhiteElo "1571"]
[BlackElo "1779"]
[PlyCount "91"]
[EventDate "2002.03.??"]

1. e4 d5 2. e5 c5 3. c3 Nc6 4. Bb5 Bd7 5. Bxc6 bxc6 6. d4 cxd4 7. cxd4 Qb6 8.
Nf3 Bg4 9. Qb3 Bxf3 10. Qxb6 axb6 11. gxf3 e6 12. O-O Ne7 13. Nc3 Nf5 14. Be3
Be7 15. a3 Kd7 16. Rfd1 Ra6 17. Kf1 Rha8 18. Ke2 b5 19. Nb1 b4 20. Rd3 R8a7 21.
f4 g6 22. Rb3 h5 23. Kd3 Nxe3 24. fxe3 c5 25. dxc5 Bxc5 26. h3 Rc6 27. Nd2 Rca6
28. Nb1 Be7 29. Ke2 Kc6 30. Kd3 Kb5 31. Nc3+ Kc6 32. Nb1 Rc7 33. Nd2 Kd7 34.
Kd4 Bc5+ 35. Kd3 Rca7 36. Nb1 bxa3 37. Nxa3 Ra4 38. Ke2 Be7 39. Kf3 f6 40. exf6
Bxf6 41. Ke2 Ke7 42. Kf3 Kf7 43. Rb1 Be7 44. Nc2 Kf6 45. Nd4 Rc7 46. Rb6
1/2-1/2

[Event "18.int.Seniorenturnier Bad Woerishofen"]
[Site "Veranstalter: chessorg"]
[Date "2002.03.08"]
[Round "2"]
[White "Auf'm_Wasser, Guenter"]
[Black "Turboust, Roger"]
[Result "1-0"]
[WhiteElo "1588"]
[BlackElo "1752"]
[PlyCount "81"]
[EventDate "2002.03.??"]

1. f4 f5 2. e4 e6 3. Nc3 Nf6 4. e5 Ng4 5. Nf3 Be7 6. g3 O-O 7. h3 Nh6 8. d4 c6
9. Be3 b5 10. Qe2 Ba6 11. Qg2 b4 12. Bxa6 bxc3 13. Bb7 cxb2 14. Rb1 Qa5+ 15.
Bd2 Qxa2 16. O-O Na6 17. Bxa8 Rxa8 18. c3 Rb8 19. Be3 Nc7 20. Qc2 Rb5 21. Bd2
a5 22. c4 Rb3 23. Bc3 Na6 24. Rxb2 Rxb2 25. Qxb2 Qxc4 26. Bxa5 Nb4 27. Bxb4
Bxb4 28. Qa1 Nf7 29. Qa8+ Bf8 30. Qb7 c5 31. Qc8 g6 32. Qxd7 cxd4 33. Qb7 d3
34. Qb1 Bc5+ 35. Kh2 Be3 36. Ne1 d2 37. Nd3 g5 38. Rf3 gxf4 39. gxf4 Qe4 40.
Qb8+ Kg7 41. Rg3+ 1-0

[Event "18.int.Seniorenturnier Bad Woerishofen"]
[Site "Veranstalter: chessorg"]
[Date "2002.03.08"]
[Round "2"]
[White "Barlo, Werner"]
[Black "Hennig, Manfred_Dr"]
[Result "1-0"]
[WhiteElo "1736"]
[BlackElo "1480"]
[PlyCount "87"]
[EventDate "2002.03.??"]

1. Nf3 Nf6 2. c4 c5 3. Nc3 Nc6 4. e4 e5 5. d3 d6 6. Bg5 Be7 7. h3 Bd7 8. Be2 h6
9. Bxf6 Bxf6 10. O-O Qc8 11. Nb5 Be7 12. Nc3 g5 13. Nh2 O-O 14. Nd5 Bd8 15. Ng4
Kg7 16. Nge3 Nd4 17. Bg4 f5 18. exf5 Nxf5 19. Nxf5+ Bxf5 20. f3 Qd7 21. Qe2 Qf7
22. Bxf5 Qxf5 23. Qe4 Rb8 24. a4 a5 25. b3 b6 26. Rae1 Rb7 27. Ne3 Qxe4 28.
dxe4 Kg6 29. Rd1 Bc7 30. Rd3 Rf6 31. Rfd1 Re6 32. Nf5 Rb8 33. Nxd6 Bxd6 34.
Rxd6 Rbe8 35. Kf2 Kf6 36. Kg3 Rxd6 37. Rxd6+ Re6 38. Rxe6+ Kxe6 39. Kg4 Kf6 40.
Kh5 Kg7 41. g3 Kh7 42. h4 gxh4 43. Kxh4 Kg6 44. g4 1-0

[Event "18.int.Seniorenturnier Bad Woerishofen"]
[Site "Veranstalter: chessorg"]
[Date "2002.03.08"]
[Round "2"]
[White "Brehme, Helmut"]
[Black "Janssen, Helmut_35Itze"]
[Result "1/2-1/2"]
[WhiteElo "1597"]
[BlackElo "1878"]
[PlyCount "59"]
[EventDate "2002.03.??"]

1. f4 d5 2. d4 g6 3. e3 Bg7 4. Nf3 Nf6 5. Bd3 O-O 6. c3 b6 7. b4 e6 8. O-O Bb7
9. Bd2 Nbd7 10. Be1 c5 11. Nbd2 c4 12. Bc2 b5 13. Bh4 Qc7 14. Ne5 Rfe8 15. a4
a6 16. a5 Ne4 17. Nxe4 dxe4 18. Nxd7 Qxd7 19. g4 f5 20. g5 Kf7 21. Bg3 Rh8 22.
h4 h6 23. Kg2 hxg5 24. hxg5 Rh7 25. Rh1 Rah8 26. Rxh7 Rxh7 27. Qe2 Qd8 28. Rh1
Qh8 29. Rxh7 Qxh7 30. Bd1 1/2-1/2

[Event "18.int.Seniorenturnier Bad Woerishofen"]
[Site "Veranstalter: chessorg"]
[Date "2002.03.08"]
[Round "2"]
[White "Diete, Guenter"]
[Black "Weber, Gerhard_Dr_34Lev"]
[Result "0-1"]
[WhiteElo "1744"]
[BlackElo "1847"]
[PlyCount "129"]
[EventDate "2002.03.??"]

1. e4 e5 2. Nf3 Nc6 3. Bc4 Nf6 4. Nc3 Nxe4 5. Bxf7+ Kxf7 6. Nxe4 Be7 7. d3 Rf8
8. O-O Kg8 9. c3 d5 10. Ned2 Bf5 11. Ne1 Qd7 12. b4 a6 13. a3 Rad8 14. Qb3 Kh8
15. Ndf3 e4 16. dxe4 Bxe4 17. Ng5 Bg6 18. Be3 h6 19. Ngf3 Bf7 20. Qc2 Bf6 21.
Rd1 Qg4 22. Nd4 Bg6 23. Qe2 Qxe2 24. Nxe2 Rfe8 25. Nf4 Bf7 26. Bd4 Nxd4 27.
cxd4 g5 28. Nfd3 Bxd4 29. Nf3 Bf6 30. Nc5 b6 31. Nxa6 Rd7 32. Nd4 Bxd4 33. Rxd4
Ra8 34. b5 Kg7 35. Re1 Re8 36. Rxe8 Bxe8 37. Nb4 Re7 38. Rd1 Bxb5 39. Nxd5 Rd7
40. Ne3 Rxd1+ 41. Nxd1 Kf6 42. Nc3 Bc4 43. f3 Ke5 44. Kf2 Kd4 45. Ne4 Bd5 46.
Nf6 Be6 47. Ke2 Kc3 48. Ne8 c5 49. Nc7 Bf7 50. Ke3 Kb3 51. Nb5 Ka4 52. Nd6 Be6
53. Kd3 Kxa3 54. Kc3 Ka4 55. Nb7 Bd5 56. Nd6 b5 57. Nf5 b4+ 58. Kb2 c4 59. Nd4
c3+ 60. Kc2 Bf7 61. g4 Bg6+ 62. Nf5 Kb5 63. Kb3 Bxf5 64. gxf5 Kc5 65. Kc2 0-1

[Event "18.int.Seniorenturnier Bad Woerishofen"]
[Site "Veranstalter: chessorg"]
[Date "2002.03.08"]
[Round "2"]
[White "Disselberger, Alfons"]
[Black "Malik, Heinz"]
[Result "0-1"]
[WhiteElo "1391"]
[BlackElo "1662"]
[PlyCount "104"]
[EventDate "2002.03.??"]

1. e4 e5 2. Nf3 Nf6 3. Nxe5 d6 4. Nf3 Nxe4 5. d4 d5 6. Bd3 Nc6 7. O-O Be7 8.
Re1 Nf6 9. h3 O-O 10. c3 Re8 11. Ne5 Be6 12. Nd2 Nd7 13. Ndf3 Ncxe5 14. Nxe5
Nf8 15. Bf4 Bd6 16. Bg3 c6 17. Qc2 Qc7 18. Re2 f6 19. Ng4 Bxg3 20. fxg3 Bxg4
21. Rxe8 Rxe8 22. hxg4 Qxg3 23. Bf5 g6 24. Bd3 Qxg4 25. Rf1 Qe6 26. Kh1 f5 27.
c4 Qd6 28. cxd5 cxd5 29. Bb5 Re7 30. Qd2 Kg7 31. Ba4 Nd7 32. Bb3 Nf6 33. Bd1
Ne4 34. Qf4 Qxf4 35. Rxf4 Nf6 36. Bf3 Ne4 37. Kh2 Rf7 38. Rh4 h5 39. Kg1 Kh6
40. Rh3 Rc7 41. Bxe4 dxe4 42. Rc3 Rd7 43. Rc4 b5 44. Rb4 Rd5 45. a4 a6 46. a5
e3 47. g3 Kg5 48. Kg2 f4 49. Kf3 fxg3 50. Kxg3 h4+ 51. Kf3 h3 52. Kxe3 h2 0-1

[Event "18.int.Seniorenturnier Bad Woerishofen"]
[Site "Veranstalter: chessorg"]
[Date "2002.03.08"]
[Round "2"]
[White "Dunkel, Horst_38Memm"]
[Black "Lamberger, Werner_39Oest"]
[Result "0-1"]
[WhiteElo "1580"]
[BlackElo "1606"]
[PlyCount "50"]
[EventDate "2002.03.??"]

1. e4 e5 2. Nf3 Nc6 3. Bb5 a6 4. Bxc6 bxc6 5. Nxe5 Bd6 6. Nf3 Bf4 7. O-O d5 8.
e5 Ne7 9. h3 O-O 10. d4 Ng6 11. Bxf4 Nxf4 12. Qd2 Ne6 13. b4 f6 14. a4 Bd7 15.
a5 fxe5 16. dxe5 Qe7 17. c3 Rf5 18. Na3 Raf8 19. Nc2 Rxf3 20. gxf3 Nf4 21. Ne3
Qg5+ 22. Kh2 Nxh3 23. Rh1 Rxf3 24. Rhg1 Nxg1 25. Rxg1 Rh3# 0-1

[Event "18.int.Seniorenturnier Bad Woerishofen"]
[Site "Veranstalter: chessorg"]
[Date "2002.03.08"]
[Round "2"]
[White "Eichinger, Adolf"]
[Black "Born, Bernd_Ludger_Dr"]
[Result "0-1"]
[WhiteElo "1484"]
[BlackElo "2027"]
[PlyCount "100"]
[EventDate "2002.03.??"]

1. e4 e6 2. d4 d5 3. e5 c5 4. c3 Qb6 5. b3 cxd4 6. cxd4 Bd7 7. Nc3 Bb4 8. Bb2
Nh6 9. Qd2 Nf5 10. Rd1 O-O 11. Nf3 Bxc3 12. Bxc3 Bb5 13. Bxb5 Qxb5 14. Qd3 Qxd3
15. Rxd3 Nc6 16. g4 Nfe7 17. h4 b5 18. a3 a5 19. Bd2 Rfb8 20. h5 Rb7 21. Nh4 a4
22. b4 Rc8 23. O-O Rbc7 24. f4 Nd8 25. f5 Nec6 26. g5 exf5 27. Nxf5 Ne6 28. Rc1
g6 29. hxg6 fxg6 30. Nh6+ Kg7 31. Be3 Ncd8 32. Rf1 Rc3 33. Rfd1 Rxd3 34. Rxd3
Nf7 35. Nxf7 Kxf7 36. Bd2 Rc4 37. Be3 Rc2 38. Kf1 Ng7 39. Ke1 Ke6 40. Kd1 Rc4
41. Kd2 Kf5 42. Bf2 Kxg5 43. Rf3 Nf5 44. e6 Kf6 45. Rh3 h5 46. Rf3 Kxe6 47. Bg1
g5 48. Bh2 Rxd4+ 49. Kc3 Rc4+ 50. Kd2 g4 0-1

[Event "18.int.Seniorenturnier Bad Woerishofen"]
[Site "Veranstalter: chessorg"]
[Date "2002.03.08"]
[Round "2"]
[White "Eisenhuth, Mathias"]
[Black "Girod, Gudrun"]
[Result "1-0"]
[WhiteElo "1695"]
[BlackElo "1387"]
[PlyCount "49"]
[EventDate "2002.03.??"]

1. d4 d5 2. c4 e6 3. Nc3 Nf6 4. cxd5 exd5 5. Bg5 Be7 6. e3 O-O 7. Qc2 h6 8. Bh4
c6 9. Bd3 Nbd7 10. Nge2 c5 11. dxc5 Nxc5 12. O-O Nxd3 13. Qxd3 Be6 14. Rfd1 Qc7
15. Rac1 Qa5 16. Nd4 a6 17. Nb3 Qb4 18. Bxf6 Bxf6 19. Nxd5 Bxd5 20. Qxd5 Rfd8
21. Qf3 Rxd1+ 22. Rxd1 Rc8 23. g3 Rc2 24. Qf5 b6 25. Qxc2 1-0

[Event "18.int.Seniorenturnier Bad Woerishofen"]
[Site "Veranstalter: chessorg"]
[Date "2002.03.08"]
[Round "2"]
[White "Gensbaur, Viktor"]
[Black "Bartlitz, Heinz"]
[Result "1/2-1/2"]
[WhiteElo "1793"]
[BlackElo "1613"]
[PlyCount "69"]
[EventDate "2002.03.??"]

1. e4 d6 2. d4 Nf6 3. Nc3 c6 4. Nf3 Bg4 5. Be2 e6 6. O-O Be7 7. h3 Bh5 8. Nh2
Bxe2 9. Qxe2 d5 10. e5 Nfd7 11. Qg4 g6 12. Bh6 Bf8 13. Bxf8 Kxf8 14. Ne2 c5 15.
c3 Nc6 16. Qf4 h6 17. Qd2 Kg7 18. f4 f5 19. exf6+ Nxf6 20. Kh1 Ne4 21. Qe3 Ne7
22. Ng3 Nf5 23. Nxf5+ exf5 24. dxc5 Qf6 25. Kg1 Rhe8 26. Qd4 Qxd4+ 27. cxd4 Ng3
28. Rfd1 Ne2+ 29. Kf2 Nxf4 30. Rd2 Re7 31. Rc1 Rc8 32. Nf3 Nh5 33. Ne5 Nf6 34.
Kg1 Nd7 35. Nxd7 1/2-1/2

[Event "18.int.Seniorenturnier Bad Woerishofen"]
[Site "Veranstalter: chessorg"]
[Date "2002.03.08"]
[Round "2"]
[White "Greifzu, Helmut"]
[Black "Wolf, Alfred_34Bliest"]
[Result "0-1"]
[WhiteElo "1851"]
[BlackElo "1779"]
[PlyCount "162"]
[EventDate "2002.03.??"]

1. Nf3 g6 2. d4 Bg7 3. e4 d6 4. Bd3 Nc6 5. c3 e5 6. d5 Nce7 7. Bg5 f5 8. Nbd2
h6 9. Bxe7 Nxe7 10. c4 O-O 11. Qc2 f4 12. O-O-O c6 13. Kb1 Bd7 14. Qb3 Qb6 15.
Rhf1 c5 16. Ne1 Qa6 17. Rc1 Rab8 18. f3 Qa5 19. Qc3 Qc7 20. Rf2 a6 21. Nb3 b5
22. Qa5 Qb7 23. Qd2 b4 24. Rd1 Qc7 25. Nc1 Ba4 26. b3 Bd7 27. Bc2 a5 28. Ned3
Nc8 29. Nb2 Nb6 30. Rg1 Ra8 31. g3 g5 32. Ne2 Kh7 33. gxf4 exf4 34. e5+ Bf5 35.
e6 Qe7 36. Rfg2 Qf6 37. Bxf5+ Qxf5+ 38. Qd3 Qxd3+ 39. Nxd3 Bf6 40. Nec1 a4 41.
Nb2 axb3 42. axb3 Bd4 43. Re1 Ra7 44. h3 Nc8 45. Ree2 Ne7 46. Na4 Nf5 47. Nb6
Rb7 48. Nd7 Rxd7 49. exd7 Nh4 50. -- Nxg2 51. Rxg2 Rd8 52. Re2 Be3 53. Nd3 Rxd7
54. Ne1 Kg6 55. Ng2 Re7 56. Kc2 Kf5 57. Kd3 Re5 58. Ra2 Re7 59. Ra6 Rd7 60. Ra8
Bd4 61. Rf8+ Kg6 62. Re8 Kf7 63. Ra8 Bf6 64. Ra6 Kg6 65. Ra2 Bd8 66. -- h5 67.
Re2 Kf5 68. Re8 Bf6 69. Re6 Be5 70. Rh6 Ra7 71. h4 Ra3 72. Rxh5 Rxb3+ 73. Ke2
Rb2+ 74. Kf1 Bf6 75. hxg5 Bxg5 76. Rh8 Rc2 77. Rf8+ Ke5 78. Re8+ Kd4 79. Re4+
Kc3 80. Ne1 Rc1 81. Ke2 b3 0-1

[Event "18.int.Seniorenturnier Bad Woerishofen"]
[Site "Veranstalter: chessorg"]
[Date "2002.03.08"]
[Round "2"]
[White "Gudat, Alfons"]
[Black "Erler, Klaus_Juergen"]
[Result "1-0"]
[WhiteElo "1968"]
[BlackElo "1677"]
[PlyCount "51"]
[EventDate "2002.03.??"]

1. Nf3 Nf6 2. d4 e6 3. c4 d5 4. Nc3 c6 5. e3 Bd6 6. Bd3 Nbd7 7. O-O O-O 8. e4
dxe4 9. Nxe4 Nxe4 10. Bxe4 Nf6 11. Bd3 b6 12. Bg5 Bb7 13. Ne5 Be7 14. Rc1 c5
15. dxc5 Qc7 16. Qe2 bxc5 17. Rfe1 Nd5 18. cxd5 Bxg5 19. Qh5 h6 20. dxe6 g6 21.
exf7+ Rxf7 22. Qxg6+ Rg7 23. Qe6+ Kh8 24. Rc2 Re7 25. Ng6+ Kg7 26. Nxe7 1-0

[Event "18.int.Seniorenturnier Bad Woerishofen"]
[Site "Veranstalter: chessorg"]
[Date "2002.03.08"]
[Round "2"]
[White "Hoeppner, Hans_18Nog"]
[Black "Duer, Maria"]
[Result "0-1"]
[WhiteElo "1599"]
[BlackElo "1783"]
[PlyCount "90"]
[EventDate "2002.03.??"]

1. e3 d5 2. Ne2 e5 3. Ng3 a6 4. d3 g6 5. h4 h5 6. e4 d4 7. c3 c5 8. Be2 Be7 9.
b4 cxb4 10. cxb4 Bxb4+ 11. Bd2 Qa5 12. Bxb4 Qxb4+ 13. Nd2 Qd6 14. O-O Ne7 15.
Rb1 b5 16. a4 Bd7 17. axb5 Bxb5 18. Nf3 O-O 19. Qd2 Kg7 20. Qg5 f6 21. Qd2 Nd7
22. Ne1 Rac8 23. Nc2 Rc3 24. Nb4 Rfc8 25. Qd1 Qe6 26. f4 exf4 27. Rxf4 a5 28.
Nd5 Nxd5 29. exd5 Qe3+ 30. Rf2 Rc1 31. Nf1 Rxd1 32. Rxd1 Qe5 33. Bf3 Nc5 34.
Re2 Qd6 35. Rde1 Rc7 36. Nd2 Bxd3 37. Re8 Kf7 38. Ra8 Re7 39. Rc1 a4 40. Rc3
Qe5 41. Rc1 Qe3+ 42. Kh2 Qxd2 43. Rxc5 Qf4+ 44. Kg1 Re1+ 45. Kf2 Rf1# 0-1

[Event "18.int.Seniorenturnier Bad Woerishofen"]
[Site "Veranstalter: chessorg"]
[Date "2002.03.08"]
[Round "2"]
[White "Kaiser, Hans_35BGladb"]
[Black "Kuhnert, Werner"]
[Result "1-0"]
[WhiteElo "1619"]
[BlackElo "1200"]
[PlyCount "79"]
[EventDate "2002.03.??"]

1. d4 Nf6 2. Nc3 d5 3. Bg5 Nbd7 4. Nf3 e6 5. Qd3 Be7 6. e4 dxe4 7. Nxe4 Nxe4 8.
Bxe7 Qxe7 9. Qxe4 Qb4+ 10. Nd2 Nf6 11. Qd3 O-O 12. O-O-O Bd7 13. c3 Qa5 14. Kb1
b5 15. Nb3 Qb6 16. Qc2 Bc6 17. f3 a5 18. Bd3 Nd5 19. Rde1 g6 20. h4 Nf4 21. h5
Nxd3 22. Qxd3 Bd5 23. Nc5 Qc6 24. Qe3 Rae8 25. Qh6 Re7 26. hxg6 fxg6 27. Nd3
Qe8 28. Ne5 Rg7 29. Rh3 Qe7 30. g4 Qd8 31. Qe3 Qe8 32. g5 Qe7 33. Ng4 Kh8 34.
Nf6 Qd6 35. Reh1 Qe7 36. Qe5 h5 37. gxh6 Qxf6 38. hxg7+ Kg8 39. Rh8+ Kxg7 40.
R1h7# 1-0

[Event "18.int.Seniorenturnier Bad Woerishofen"]
[Site "Veranstalter: chessorg"]
[Date "2002.03.08"]
[Round "2"]
[White "Maassen, Hermann"]
[Black "Tochtermann, Georg_Dr"]
[Result "1-0"]
[WhiteElo "1701"]
[BlackElo "1828"]
[PlyCount "114"]
[EventDate "2002.03.??"]

1. e4 d6 2. d4 Nf6 3. Nc3 c6 4. f4 g6 5. Nf3 Bg7 6. Be2 Qc7 7. O-O O-O 8. Kh1
Re8 9. e5 Nd5 10. Nxd5 cxd5 11. Be3 Nd7 12. Qd2 Nb6 13. b3 a5 14. Bb5 Bd7 15.
Bxd7 Qxd7 16. a4 Qc7 17. e6 f6 18. f5 Rec8 19. Rac1 Qc3 20. Qe2 Qc6 21. Nh4 g5
22. Nf3 Qe8 23. Ng1 h5 24. Nh3 Bh6 25. c3 Ra6 26. Nf2 Na8 27. h4 Rac6 28. Qd2
Kh7 29. hxg5 fxg5 30. Nh3 Qg8 31. Nxg5+ Bxg5 32. Bxg5 R6c7 33. Rf3 Kg7 34. Bxe7
Kh7 35. Bxd6 Rg7 36. Qf2 Rg4 37. Rg3 Nc7 38. Rxg4 Qxg4 39. Qf4 Ne8 40. Qxg4
hxg4 41. Be5 Rc6 42. Kh2 Ng7 43. Bxg7 Kxg7 44. Kg3 Kf6 45. Kxg4 Rc8 46. Kf4 Rh8
47. g4 Rh2 48. g5+ Ke7 49. Ke5 Rh5 50. f6+ Ke8 51. Rg1 Kd8 52. Kxd5 b5 53. axb5
a4 54. bxa4 Ke8 55. b6 Kd8 56. Kd6 Kc8 57. e7 Rh8 1-0

[Event "18.int.Seniorenturnier Bad Woerishofen"]
[Site "Veranstalter: chessorg"]
[Date "2002.03.08"]
[Round "2"]
[White "Maertins, Leo"]
[Black "Bierbach, Utz_Friedrich"]
[Result "1/2-1/2"]
[WhiteElo "1642"]
[BlackElo "1769"]
[PlyCount "47"]
[EventDate "2002.03.??"]

1. c4 Nf6 2. Nc3 c5 3. g3 Nc6 4. Bg2 g6 5. e3 Bg7 6. Nge2 O-O 7. O-O d6 8. a3
Bd7 9. Rb1 Qc8 10. d3 Bh3 11. b4 Bxg2 12. Kxg2 cxb4 13. axb4 h5 14. h4 Nh7 15.
b5 Nd8 16. Nd5 Qd7 17. Bb2 e6 18. Bxg7 Kxg7 19. Ndc3 b6 20. Nf4 Rc8 21. Qb3 Nf6
22. f3 Nb7 23. Ne4 Nxe4 24. fxe4 1/2-1/2

[Event "18.int.Seniorenturnier Bad Woerishofen"]
[Site "Veranstalter: chessorg"]
[Date "2002.03.08"]
[Round "2"]
[White "Malik, Rosemarie"]
[Black "Gruebling, Karl_Heinz"]
[Result "1-0"]
[WhiteElo "1293"]
[BlackElo "1572"]
[PlyCount "118"]
[EventDate "2002.03.??"]

1. e4 c5 2. Nf3 d6 3. d4 cxd4 4. Nxd4 Nf6 5. Nc3 Nc6 6. Be3 Ng4 7. Qd2 Nxe3 8.
Qxe3 g6 9. Bb5 Bd7 10. Nxc6 bxc6 11. Be2 Bg7 12. O-O O-O 13. a3 a5 14. Rab1 a4
15. Bf3 Qa5 16. Ne2 Rab8 17. b4 axb3 18. Rxb3 Be6 19. Rxb8 Rxb8 20. Nf4 Bc4 21.
Be2 Bxe2 22. Nxe2 c5 23. Qd3 Rb2 24. Nf4 Ra2 25. Qb3 Rxa3 26. Qb8+ Bf8 27. Nd5
Kg7 28. Qb2+ f6 29. Nf4 Kf7 30. g3 Ra4 31. Qb7 Qa7 32. Qd5+ Ke8 33. Qg8 e5 34.
Qe6+ Qe7 35. Qc8+ Kf7 36. Rb1 Ra7 37. Nd5 Qd7 38. Qxd7+ Rxd7 39. Rb3 Ra7 40.
Rf3 Be7 41. g4 Ke6 42. Rh3 Bf8 43. c4 f5 44. gxf5+ gxf5 45. exf5+ Kf7 46. Rxh7+
Bg7 47. f6 Kg8 48. Rxg7+ Rxg7+ 49. fxg7 Kxg7 50. Kg2 Kg6 51. Kg3 Kg5 52. f3 Kf5
53. h4 e4 54. fxe4+ Kxe4 55. h5 Kf5 56. Kh4 Ke6 57. Kg5 Kf7 58. h6 Kg8 59. Kg6
Kh8 1-0

[Event "18.int.Seniorenturnier Bad Woerishofen"]
[Site "Veranstalter: chessorg"]
[Date "2002.03.08"]
[Round "2"]
[White "Meyer, Walter_34Henn"]
[Black "Zacharias, Helmut"]
[Result "1-0"]
[WhiteElo "1745"]
[BlackElo "1435"]
[PlyCount "73"]
[EventDate "2002.03.??"]

1. c4 c5 2. Nc3 Nc6 3. g3 g6 4. Bg2 Bg7 5. Nf3 Nf6 6. d3 O-O 7. Bd2 e5 8. O-O
d5 9. cxd5 Nxd5 10. Rc1 Be6 11. a3 f5 12. Ng5 Nxc3 13. Rxc3 Qd6 14. Nxe6 Qxe6
15. Rxc5 Kh8 16. Bxc6 bxc6 17. Qc2 Rfc8 18. Rc1 h5 19. Rxc6 Rxc6 20. Qxc6 Qxc6
21. Rxc6 Kh7 22. Bc3 Kh6 23. h4 a6 24. Re6 e4 25. Bxg7+ Kxg7 26. dxe4 Kf7 27.
exf5 gxf5 28. Rh6 f4 29. Rxh5 fxg3 30. fxg3 Rd8 31. Kf2 Rd2 32. b4 Rd6 33. e4
Rc6 34. Ke3 Rg6 35. Rg5 Rc6 36. Kf4 Rc1 37. Ra5 1-0

[Event "18.int.Seniorenturnier Bad Woerishofen"]
[Site "Veranstalter: chessorg"]
[Date "2002.03.08"]
[Round "2"]
[White "Neese, Hans_Joachim"]
[Black "Buchner, Matthias"]
[Result "1-0"]
[WhiteElo "2140"]
[BlackElo "1543"]
[PlyCount "65"]
[EventDate "2002.03.??"]

1. d4 Nf6 2. c4 e5 3. dxe5 Ng4 4. Bf4 Bb4+ 5. Nd2 Nc6 6. Ngf3 Qe7 7. a3 Bxd2+
8. Qxd2 Ngxe5 9. Nxe5 Nxe5 10. e3 d6 11. Be2 Be6 12. Qc3 f6 13. h4 h6 14. Bg3
O-O-O 15. O-O-O Qf7 16. b3 Kb8 17. Kb2 g5 18. Rd2 a5 19. Rhd1 gxh4 20. Bxh4
Rdg8 21. f4 Nd7 22. Bd3 Bg4 23. Re1 Be6 24. f5 Ne5 25. fxe6 Nxd3+ 26. Qxd3 Qxe6
27. Rf2 Rf8 28. Qf5 Qxf5 29. Rxf5 Rhg8 30. g3 b6 31. Kc3 c5 32. Ref1 Re8 33.
Kd3 1-0

[Event "18.int.Seniorenturnier Bad Woerishofen"]
[Site "Veranstalter: chessorg"]
[Date "2002.03.08"]
[Round "2"]
[White "Niebaum, Karl"]
[Black "Winkler, Hans"]
[Result "1-0"]
[WhiteElo "1799"]
[BlackElo "1668"]
[PlyCount "57"]
[EventDate "2002.03.??"]

1. d4 Nf6 2. Bg5 e6 3. e4 Be7 4. Nd2 d6 5. Bd3 h6 6. Bxf6 Bxf6 7. Ngf3 Nd7 8.
O-O O-O 9. c3 a6 10. Re1 e5 11. Nc4 b6 12. Rc1 Re8 13. Bc2 Bb7 14. d5 Nf8 15.
Ne3 Bc8 16. c4 Bd7 17. b4 Be7 18. Bd3 Ng6 19. g3 Bf8 20. Qe2 a5 21. b5 Qc8 22.
Nd2 Be7 23. Qh5 Bg5 24. Qe2 Nf8 25. Ndf1 g6 26. h4 Bf6 27. Nh2 Bg7 28. Qf3 Nh7
29. g4 1-0